Bibliografia jazykovedy na Slovensku v rokoch 1939-1947

Guardado en:
Detalles Bibliográficos
Formato: Libro
Lenguaje:eslovaco
Publicado: Bratislava Slovenská akadémia vied a umení 1950
Etiquetas: Agregar Etiqueta
Sin Etiquetas, Sea el primero en etiquetar este registro!

MARC

LEADER 00000nam a2200000 4500
001 0313497
005 20251208094341.3
041 0 |a slo 
044 |a SK 
245 1 0 |a Bibliografia jazykovedy na Slovensku v rokoch 1939-1947  |c Vincent Blanár 
264 1 |a Bratislava  |b Slovenská akadémia vied a umení  |c 1950